Elfogó-algoritmusok vizsgálata gráfokon a POLCIE 07 társasjáték kapcsán
Elmentve itt :
| Szerző: | |
|---|---|
| További közreműködők: | |
| Dokumentumtípus: | Szakdolgozat |
| Megjelent: |
1993
|
| Tárgyszavak: | |
| Online Access: | http://diploma.bibl.u-szeged.hu/1218 |
| LEADER | 00554nta a2200157 i 4500 | ||
|---|---|---|---|
| 001 | dipl1218 | ||
| 005 | 20110531101432.0 | ||
| 008 | 110531s1993 hu om 0|| hun d | ||
| 040 | |a SZTE Diploma Repozitórium |b hun | ||
| 041 | |a hun | ||
| 100 | 1 | |a Vágyi Erik | |
| 245 | 1 | 0 | |a Elfogó-algoritmusok vizsgálata gráfokon a POLCIE 07 társasjáték kapcsán |h [elektronikus dokumentum] / |c Erik Vágyi |
| 260 | |c 1993 | ||
| 650 | 4 | |a Informatika | |
| 700 | 1 | |a Horváth Gyula |e ths | |
| 856 | 4 | 0 | |u http://diploma.bibl.u-szeged.hu/id/eprint/1218/1/1993_vagyi_erik.pdf |z Dokumentum-elérés |